Statistics for Pokemon with Highest Speed Stats (Non-Legendaries)

Click here to take the quiz!

General Stats

  • This quiz has been taken 23 times
  • The average score is 35 of 49

Answer Stats

TypeAnswer% Correct
Rock/FlyingAerodactyl
100%
Ghost/PoisonGengar
100%
Fire/FlyingTalonflame
100%
Dark/IceWeavile
100%
Poison/FlyingCrobat
93%
ElectricElectrode
93%
Fighting/FlyingHawlucha
93%
Fighting/SteelLucario
93%
Bug/FlyingNinjask
93%
Flying/DragonNoivern
93%
Bug/FairyRibombee
93%
Dragon/FlyingSalamence
93%
Poison/FireSalazzle
93%
Dark/IceSneasel
93%
PsychicAlakazam
86%
Ghost/IceFroslass
86%
Fire/FightingInfernape
86%
Grass/FlyingJumpluff
86%
Electric/PsychicRaichu
86%
ElectricRaichu
86%
BugAccelgor
79%
Ice/Fairy
Ninetales
79%
Ground/SteelDugtrio
79%
GroundDugtrio
79%
Bug/ElectricGalvantula
79%
Water/DarkGreninja
79%
Electric/NormalHeliolisk
79%
Water/PsychicStarmie
79%
Normal/FlyingSwellow
79%
Psychic/FlyingSwoobat
79%
Rock/FlyingArcheops
71%
Rock/FlyingMinior
71%
Bug/PoisonScolipede
64%
Bug/SteelDurant
57%
ElectricJolteon
57%
RockLycanroc
57%
Grass/FairyWhimsicott
57%
ElectricZebstrika
57%
Normal/FlyingDodrio
50%
WaterFloatzel
43%
GrassSceptile
43%
GrassSerperior
43%
NormalTauros
43%
NormalCinccino
36%
NormalAmbipom
29%
PsychicEspeon
29%
NormalPurugly
29%
NormalPersian
21%
DarkPersian
21%

Score Distribution

Percentile by Number Answered

Percent of People with Each Score

Your Score History

You have not taken this quiz